Statistics for Afro-Eurasian Island Countries

Click here to take the quiz!

General Stats

  • This quiz has been taken 69 times
  • The average score is 19 of 21

Answer Stats

Country% Correct
Malta
96%
Singapore
96%
Iceland
94%
Indonesia
94%
Ireland
94%
Seychelles
94%
United Kingdom
94%
Brunei
92%
Cape Verde
92%
Japan
92%
Maldives
92%
Sri Lanka
92%
Comoros
91%
Cyprus
91%
East Timor
91%
Mauritius
89%
São Tomé and Príncipe
89%
Madagascar
87%
Philippines
87%
Taiwan
87%
Bahrain
83%

Score Distribution

Percentile by Number Answered

Percent of People with Each Score

Your Score History

You have not taken this quiz